000 00225nam a2200085Ia 4500
245 0 _aInformation is alive
100 _a Brouwer, Joke Rotterdam, 2003
_978782
942 _cBK
008 210819s9999 xx 000 0 und d
999 _c272842
_d272841